000 00380 a2200169 4500
001 68953
020 _a8516045757
040 _cAnchieta - Itaigara
100 _aMachado, Ana Maria
240 1 0 _aVamos brincar de escola?
_lpor
245 1 0 _aVamos brincar de escola?
300 _a24
362 0 _a2007
440 1 _aSalamandra
650 4 _aLiteratura infantil
942 _cBK
999 _c68953
_d68953